| 000 | 00785nam a22002057a 4500 | ||
|---|---|---|---|
| 999 |
_c19553 _d19553 |
||
| 003 | AR-CdUCM | ||
| 008 | 190518b ||||| |||| 00| 0 spa d | ||
| 040 |
_aMUNICIPALIDAD PROVINCIAL DEL CUSCO _cBIBLIOTECA MUNICIPAL DEL CUSCO |
||
| 082 |
_a334.606 / _bI97 |
||
| 100 |
_aIzaguirre, Carlos Alberto _940962 |
||
| 245 | _aLa seguridad social en relación con el desarrollo económico / | ||
| 260 |
_aLima : _bUniversidad Nacional Federico Villareal, _c1972. |
||
| 300 |
_a165 páginas ; _c21 cm. |
||
| 505 | _aContenido: La seguridad social y el desarrollo económico -- Las empresas de autogestion. | ||
| 650 |
_aDesarrollo económico _91696 |
||
| 650 |
_aEmpresa _9826 |
||
| 710 |
_aUniversidad Nacional Federico Villareal _940963 |
||
| 942 |
_2ddc _cLIBROS |
||
| 945 |
_aacv _d2019-05-18 |
||